Informe sobre la actividad cafetalera de Costa Rica

Đã lưu trong:
Chi tiết về thư mục
Tác giả của công ty: Costa Rica. Oficina del Café
Định dạng: Texto
Được phát hành: San José: OFICAFE. Secretaría General
Những chủ đề:
Các nhãn: Thêm thẻ
Không có thẻ, Là người đầu tiên thẻ bản ghi này!

MARC

LEADER 00000 a a2200000 04500
001 13955
003
040
090 |a 021500  
110 |a Costa Rica. Oficina del Café  
245 |a Informe sobre la actividad cafetalera de Costa Rica  
260 |a San José:   |b OFICAFE. Secretaría General  
300 |a 130 p.  
650 |a CAFE  
999 |c 12127  |d 12127